000 00497nam a22001937a 4500
003 OSt
005 20140310182152.0
008 130610t xxu||||| |||| 00| 0 eng d
020 _a1878605208
050 _aBR 115
_b.Av946 1997
082 _aHS 269.2
_bAv1 1997
100 _aAvanzini, John
_915832
245 _aMiracle Money
_cJohn Avanzini.
260 _aFt. Worth, TX :
_bHis Publishing,
_cc1997.
300 _a32 p.
_c21 cm.
541 _j1
562 _e1
942 _2lcc
_cHS
999 _c10038
_d10038